Countries with Most British - Statistics

General Stats
  • This quiz has been taken 64 times
  • The average score is 11 of 14
Answer Stats
Hint Answer % Correct
1,300,000 Australia
98%
603,000 Canada
97%
200,000 France
97%
761,000 Spain
95%
115,000 Germany
94%
291,000 Ireland
94%
215,000 New Zealand
94%
678,000 United States
87%
212,000 South Africa
83%
60,000 Portugal
79%
45,000 Singapore
49%
47,000 Pakistan
40%
55,000 United Arab Emirates
29%
59,000 Cyprus
21%
No matching quizzes found
Score Distribution
Percent of People with Each Score
Percentile by Number Answered
Your Score History
You have not taken this quiz